|
|
|
|
| LEADER |
00000nam2a2200000 4500 |
| 001 |
281159 |
| 005 |
20231101235357.0 |
| 020 |
|
|
|a RU
|b 86-38789ж
|
| 035 |
|
|
|a (RuTPU)RU\TPU\book\304811
|
| 090 |
|
|
|a 281159
|
| 100 |
|
|
|a 20150119d1986 k y0rusy5003 ca
|
| 101 |
0 |
|
|a rus
|
| 102 |
|
|
|a RU
|
| 105 |
|
|
|a a z 001zy
|
| 200 |
0 |
|
|a Вып. 7
|f под ред. Т. Д. Коломийцовой
|
| 210 |
|
|
|d 1986
|
| 215 |
|
|
|a 248 с.
|c граф.
|
| 320 |
|
|
|a Библиография в конце статей
|
| 461 |
|
1 |
|0 (RuTPU)RU\TPU\book\219165
|x 0202-2338
|t Молекулярная спектроскопия
|o межведомственный сборник
|f Ленинградский государственный университет (ЛГУ)
|v Вып. 7
|d 1960-
|
| 606 |
1 |
|
|a Спектроскопия молекулярная
|x (молекулярная физика)
|2 stltpush
|3 (RuTPU)RU\TPU\subj\55806
|9 73767
|
| 610 |
1 |
|
|a молекулярные системы
|
| 610 |
1 |
|
|a динамика
|
| 610 |
1 |
|
|a спектроскопические исследования
|
| 610 |
1 |
|
|a колебательная релаксация
|
| 610 |
1 |
|
|a вращательная релаксация
|
| 610 |
1 |
|
|a межмолекулярные взаимодействия
|
| 675 |
|
|
|a 539.194
|z rus
|v 3
|
| 702 |
|
1 |
|a Коломийцова
|b Т. Д.
|4 340
|
| 801 |
|
0 |
|a RU
|b RuMRKP
|c 19950704
|g psbo
|
| 801 |
|
1 |
|a RU
|b 63413507
|c 20150119
|
| 801 |
|
2 |
|a RU
|b 63413507
|c 20170125
|g RCR
|
| 942 |
|
|
|c BK
|